000 00342nam a22001337a 4500
008 160428b xxu||||| |||| 00| 0 eng d
020 _a1435448219
020 _a978143544216\
020 _a1428310940
041 _aeng
080 _a618.2
245 _aFoundations of basic nursing:
_cLois White; Gena Duncan; Wendy Baumle;
942 _2udc
_cBK
999 _c1661
_d1661